| 000 | 00463nam a2200193u 4500 | ||
|---|---|---|---|
| 001 | 6261023 | ||
| 005 | 20180105050725.0 | ||
| 008 | 820120m19349999xx 000 0 eng | ||
| 010 | _aunk81054508 | ||
| 040 |
_aDLC _cCarP _dDLC |
||
| 041 | _aeng | ||
| 080 | _a698.1 HEN | ||
| 082 | _2698.1 HEN | ||
| 100 | _a44 | ||
| 101 | _aART | ||
| 245 | 0 | 4 | _aThe Comedy of Dante Alighieri... |
| 906 |
_a0 _bcbc _cpremunv _du _encip _f19 _gy-gencatlg |
||
| 942 |
_2ddc _cBK |
||
| 999 |
_c39793 _d39793 |
||